Biggest Cities that end in G with a Map - Statistics

General Stats
  • This quiz has been taken 214 times
  • The average score is 12 of 20
Answers on the Map
Answers color-coded by a green-red scale on the quiz's map according to % correct below.
 
Answer Stats
Population City % Correct
20.0m Beijing
97%
14.2m Johannesburg
96%
2.88m Hamburg
94%
5.65m Saint Petersburg
94%
2.98m Pyongyang
89%
7.55m Hong Kong
82%
5.00m Chittagong
78%
7.05m Bandung
72%
8.40m Chongqing
72%
6.70m Nanjing
67%
8.10m Shenyang
57%
4.33m Kunming
53%
2.78m Kaohsiung
52%
3.58m Nanning
49%
2.43m Taichung
43%
2.28m Semarang
37%
4.80m Shijiazhuang
32%
3.40m Guiyang
31%
3.98m Nanchang
30%
2.65m Luoyang
22%
No matching quizzes found
Score Distribution
Percent of People with Each Score
Percentile by Number Answered
Your Score History
You have not taken this quiz